000
00345nam a2200145Ia 4500
008
240624s9999 xx 000 0 und d
041
_a
eng
082
_a
332.015195 ALE
100
_a
ALEXANDER CAROL
245
_a
MARKET RISK ANALYSIS 4 VOLUME SET
260
_c
2010
_a
Checister
_b
Wiley
300
_a
2194 : p.
365
_c
_b
27
440
_v
2
999
_c
18217
_d
18217